| 000 | 00682nam a22001937a 4500 | ||
|---|---|---|---|
| 005 | 20230706061606.0 | ||
| 008 | 230706b |||||||| |||| 00| 0 eng d | ||
| 020 | _a978-621-418-094-3 | ||
| 082 | _aFil. 647.268 B165 2020 | ||
| 100 |
_aBajao, Grayfield T. _eauthor |
||
| 245 |
_aFront office operations: _ba guide to effective customer service / _cGrayfield T. Bajao, Rene D. Osorno |
||
| 260 |
_aQuezon City: _bWiseman's Books Trading, _cc2020 |
||
| 300 |
_ax, 334p.: _bill. |
||
| 504 | _aIncludes bibliographical references | ||
| 541 | _e7252 c.1, 7253 c.2 | ||
| 650 | _aHotel front desk personnel | ||
| 650 | _aHotels and motels - Management | ||
| 700 |
_aOsorno, Rene D. _eauthor |
||
| 999 |
_c2191 _d2191 |
||